| 000 | 00616nam a2200181Ia 4500 | ||
|---|---|---|---|
| 001 | 10031 | ||
| 003 | GE_BSU | ||
| 008 | 181216s||||||||xx |||||||||||||| ||und|| | ||
| 040 | _cGE_BSU | ||
| 245 | _aარილი. №4 ნოემბერი 2013 | ||
| 245 | _bსაზოგადოებრივ–ლიტერატურული ჟურნალი | ||
| 245 | _cრედ. მალხაზ ხარბედია.შადიმან შამანაძე | ||
| 260 | _aთბილისი | ||
| 260 | _c2013 | ||
| 300 | _a64გვ.30სმ. | ||
| 653 | _aარილი | ||
| 942 | _cCR | ||
| 999 |
_c43304 _d43304 |
||